Review of economic studies and research Virgil Madgearu

Detalles Bibliográficos
Formato: Electrónico Revista
Lenguaje:inglés
Publicado: Cluj-Napoca, Romania : Alma Mater & Universitatea "Babes Bolyai" Cluj - Facultatea de St. Economice si Gestiunea Afacerilor
Materias:
Acceso en línea:Full text available from Research Library: 07/01/2010 to present

MARC

LEADER 00000nas a2200000 a 4500
001 ssj0000913018
003 WaSeSS
005 20200512172242.0
006 m d
007 cr n
008 130709c20uu9999rm f| p|s|||||| |0eng d
035 |a (WaSeSS)ssj0000913018 
040 |a WaSeSS  |c WaSeSS  |d WaSeSS 
043 |a e------ 
050 4 |a HC240.A1 
245 0 0 |a Review of economic studies and research Virgil Madgearu  |h [electronic resource]. 
260 |a Cluj-Napoca, Romania :  |b Alma Mater & Universitatea "Babes Bolyai" Cluj - Facultatea de St. Economice si Gestiunea Afacerilor 
310 |a Semiannual 
506 |a License restrictions may limit access. 
588 |a Description based on: Issue No. 1 (2011); title from title screen (CEEOL, viewed July 4, 2013). 
588 |a Latest issue consulted: Issue No. 1 (2013) (viewed July 4, 2013). 
600 1 0 |a Madgearu, Virgil,  |d 1887-1940. 
651 0 |a Europe  |x Economic conditions  |v Periodicals. 
651 0 |a Europe  |x Economic policy  |v Periodicals. 
655 0 |a Electronic journals. 
776 0 8 |i Print version:  |t Review of economic studies and research Virgil Madgearu  |x 2069-0606 
856 4 0 |z Full text available from Research Library: 07/01/2010 to present  |u https://search.proquest.com/publication/136213